[Event "4NCL/Div2d/WES1 vs. CELT1"]
[Site "Sunningdale ENG"]
[Date "2010.05.01"]
[Round "9.7"]
[White "Wheeler, John F"]
[Black "Thomas, Mark"]
[Result "1-0"]
[WhiteElo "2162"]
[BlackElo "2049"]
[PlyCount "73"]
[EventDate "2010.05.01"]
[SourceDate "2009.10.24"]

1. d4 d6 2. e4 Nf6 3. Nc3 Nc6 4. d5 Nb8 5. Be2 g6 6. Nf3 Bg7 7. O-O O-O 8. h3
c6 9. Be3 a5 10. Qd2 Na6 11. dxc6 bxc6 12. Rad1 Qc7 13. Bh6 Rb8 14. Bxg7 Kxg7
15. b3 Nc5 16. Qe3 e5 17. Rd2 Qe7 18. Rfd1 Ne8 19. Rxd6 Nxd6 20. Qxc5 Nf5 21.
Qxa5 Nd4 22. Nxd4 exd4 23. Rxd4 Qf6 24. Qc5 Re8 25. Rd6 Qf4 26. Qd4+ Kg8 27.
Bc4 Be6 28. Bxe6 Rxe6 29. Rxe6 fxe6 30. g3 Qc7 31. a4 Rd8 32. Qc4 Kf7 33. Kg2
Qb6 34. e5 Rd4 35. Qe2 c5 36. Nb5 Rd8 37. Nd6+ 1-0

[Event "4NCL/Div2d/WES1 vs. CELT1"]
[Site "Sunningdale ENG"]
[Date "2010.05.01"]
[Round "9.8"]
[White "Owens, Megan R"]
[Black "Norman, Dinah M"]
[Result "1/2-1/2"]
[WhiteElo "1774"]
[BlackElo "1932"]
[PlyCount "63"]
[EventDate "2010.05.01"]
[SourceDate "2009.10.24"]

1. Nf3 d5 2. d4 Nf6 3. c4 c6 4. e3 g6 5. Nbd2 Bg7 6. b3 O-O 7. Bb2 Bg4 8. Be2
e6 9. Ne5 Bxe2 10. Qxe2 Nbd7 11. f4 a5 12. O-O a4 13. Ba3 Re8 14. c5 axb3 15.
axb3 Qc7 16. Rfc1 Ra7 17. Bb2 Rea8 18. b4 Rxa1 19. Rxa1 Rxa1+ 20. Bxa1 Qc8 21.
Nb3 Qa8 22. Bc3 Nxe5 23. fxe5 Ne4 24. Be1 Bh6 25. Na5 Bg5 26. Qd3 Bd8 27. Qa3
Qa6 28. Bg3 Qe2 29. Qc1 Qb5 30. Qa3 Qe2 31. Qc1 Qb5 32. Be1 1/2-1/2

[Event "4NCL/Div2d/BRJ vs. FCA1"]
[Site "Sunningdale ENG"]
[Date "2010.05.01"]
[Round "9.1"]
[White "Headlong, Timothy"]
[Black "Macdonald-Ross, Michael"]
[Result "1/2-1/2"]
[WhiteElo "2188"]
[BlackElo "2172"]
[PlyCount "64"]
[EventDate "2010.05.01"]
[SourceDate "2009.10.24"]

1. c4 e6 2. Nf3 Nf6 3. g3 d5 4. Bg2 Be7 5. O-O O-O 6. d4 Nbd7 7. Qc2 b6 8. cxd5
exd5 9. Qc6 Ba6 10. Nc3 Rc8 11. Bh3 Qe8 12. Re1 Nb8 13. Qxe8 Rcxe8 14. Bg5 c6
15. Ne5 Bc8 16. Bxc8 Rxc8 17. Rac1 h6 18. Bxf6 Bxf6 19. f4 Rcd8 20. Red1 Bxe5
21. fxe5 f6 22. exf6 Rxf6 23. Rf1 Nd7 24. Rxf6 Nxf6 25. Nd1 Re8 26. e3 Re6 27.
Rc3 Ne4 28. Rc2 Kf8 29. Kg2 Ke7 30. Nf2 Nxf2 31. Kxf2 Kd6 32. b4 Re7 1/2-1/2

[Event "4NCL/Div2d/BRJ vs. FCA1"]
[Site "Sunningdale ENG"]
[Date "2010.05.01"]
[Round "9.2"]
[White "Almond, Richard J"]
[Black "Richmond, Peter A"]
[Result "0-1"]
[WhiteElo "2151"]
[BlackElo "2247"]
[PlyCount "196"]
[EventDate "2010.05.01"]
[SourceDate "2009.10.24"]

1. d4 d5 2. c4 c6 3. Nf3 e6 4. e3 Nf6 5. Nc3 Nbd7 6. Qc2 Bd6 7. b3 O-O 8. Be2
dxc4 9. bxc4 e5 10. O-O Qe7 11. Bb2 Re8 12. a4 h6 13. Qb3 e4 14. Nd2 c5 15. Nd1
Nf8 16. f4 cxd4 17. Bxd4 Bc5 18. Bxc5 Qxc5 19. Qb5 Qd6 20. Nb3 Bg4 21. Bxg4
Nxg4 22. h3 Nf6 23. Nf2 Rac8 24. Rfd1 Qe7 25. Rac1 a6 26. Qb6 Qa3 27. Ra1 Qe7
28. Rac1 N8d7 29. Qd6 Qd8 30. Rd4 Rc6 31. Qb4 Qb6 32. Qxb6 Rxb6 33. Rc3 Rb4 34.
c5 Rxd4 35. Nxd4 Nd5 36. Rc1 Nxe3 37. Re1 Nd5 38. Rxe4 Rxe4 39. Nxe4 Nxf4 40.
c6 bxc6 41. Nxc6 Nd5 42. Kf2 f5 43. Nd6 g6 44. Nd4 Kg7 45. g3 Kf6 46. Nc4 Ne5
47. Nd2 Nd3+ 48. Kf3 Nc5 49. a5 Ke5 50. Nc2 Ne7 51. Ke3 Nc6 52. Nc4+ Kd5 53.
Nb6+ Ke6 54. Nc4 Nb3 55. g4 fxg4 56. hxg4 Nbxa5 57. Nb6 Nb7 58. Na4 Ke5 59. Ne1
a5 60. Nd3+ Kf6 61. Kf4 Nbd8 62. Nc3 Ne6+ 63. Kg3 Nb4 64. Ne4+ Kg7 65. Nb2 Nd5
66. Na4 Nd4 67. Nd6 Kf6 68. Nc4 Nc6 69. Kf2 Kg5 70. Kg3 Nf6 71. Ne3 Ne4+ 72.
Kf3 Nd6 73. Kg3 Ne5 74. Nc5 Kf6 75. Nd5+ Kf7 76. Kf4 Nc6 77. Nc3 g5+ 78. Kg3
Kf6 79. Nd3 Nc4 80. Na4 Ke6 81. Nc3 Nb6 82. Nb2 Ke5 83. Kf3 Nd4+ 84. Kg3 Nb3
85. Nb5 a4 86. Nd3+ Ke4 87. Nb2 Nc5 88. Nxa4 Nbxa4 89. Nd6+ Ke5 90. Nf7+ Kf6
91. Nxh6 Ne4+ 92. Kf3 Nd6 93. Ng8+ Kf7 94. Nh6+ Kg7 95. Nf5+ Nxf5 96. gxf5 Kf6
97. Kg4 Nb6 98. Kg3 Kxf5 0-1

[Event "4NCL/Div2d/BRJ vs. FCA1"]
[Site "Sunningdale ENG"]
[Date "2010.05.01"]
[Round "9.3"]
[White "Hackett, Dave G"]
[Black "Smith, Graham M"]
[Result "1/2-1/2"]
[WhiteElo "2140"]
[BlackElo "2106"]
[PlyCount "44"]
[EventDate "2010.05.01"]
[SourceDate "2009.10.24"]

1. e4 c5 2. Nc3 e6 3. g3 Nc6 4. Bg2 g6 5. d3 Bg7 6. f4 d6 7. Nf3 Nge7 8. O-O
Rb8 9. Be3 Nd4 10. e5 Nef5 11. Bf2 d5 12. Nxd4 cxd4 13. Nb5 Qb6 14. Nxd4 Nxd4
15. c3 Qxb2 16. Bxd4 Qa3 17. Qc1 Qa6 18. c4 O-O 19. Qe3 dxc4 20. dxc4 b6 21.
Rfc1 Bb7 22. Bxb7 Rxb7 1/2-1/2

[Event "4NCL/Div2d/BRJ vs. FCA1"]
[Site "Sunningdale ENG"]
[Date "2010.05.01"]
[Round "9.4"]
[White "Reuben, Stewart"]
[Black "Padilla Cabero, Pablo"]
[Result "0-1"]
[WhiteElo "2152"]
[BlackElo "2142"]
[PlyCount "74"]
[EventDate "2010.05.01"]
[SourceDate "2009.10.24"]

1. c4 e5 2. g3 Nc6 3. Bg2 g6 4. Nc3 Bg7 5. e3 Nge7 6. Nge2 O-O 7. d4 d6 8. O-O
Nf5 9. dxe5 Bxe5 10. b3 Bd7 11. Bb2 Rb8 12. Qd2 a6 13. Rac1 Ng7 14. f4 Bf6 15.
c5 dxc5 16. Rfd1 Bg4 17. Ne4 Bxb2 18. Qxb2 Qc8 19. Nf6+ Kh8 20. Rxc5 Qe6 21.
Nxg4 Qxg4 22. Bxc6 bxc6 23. Rxc6 Qf3 24. Rc3 c5 25. Qc2 Rfe8 26. Rf1 Qg4 27.
Kg2 Qd7 28. e4 Qb7 29. Rc4 f5 30. Nc3 Ne6 31. Kg1 Nd4 32. Qf2 fxe4 33. Qg2 Rbd8
34. Rxc5 Nf3+ 35. Kh1 Rd2 36. Rf2 e3 37. Qxf3 exf2 0-1

[Event "4NCL/Div2d/BRJ vs. FCA1"]
[Site "Sunningdale ENG"]
[Date "2010.05.01"]
[Round "9.5"]
[White "Bourne, Johnathan D"]
[Black "Brown, Alan M"]
[Result "1/2-1/2"]
[WhiteElo "2073"]
[BlackElo "2118"]
[PlyCount "29"]
[EventDate "2010.05.01"]
[SourceDate "2009.10.24"]

1. d4 Nf6 2. Bg5 d5 3. Bxf6 exf6 4. c4 dxc4 5. e3 Be6 6. Qc2 Bb4+ 7. Nc3 c6 8.
Nf3 O-O 9. Nd2 Nd7 10. Bxc4 Bxc4 11. Nxc4 Nb6 12. Nxb6 axb6 13. O-O Bxc3 14.
Qxc3 Qd5 15. a3 1/2-1/2

[Event "4NCL/Div2d/BRJ vs. FCA1"]
[Site "Sunningdale ENG"]
[Date "2010.05.01"]
[Round "9.6"]
[White "Borrowdale, Graham E"]
[Black "Richmond, Jane"]
[Result "0-1"]
[WhiteElo "2074"]
[BlackElo "2118"]
[PlyCount "58"]
[EventDate "2010.05.01"]
[SourceDate "2009.10.24"]

1. Nf3 e6 2. c4 Nf6 3. Nc3 d5 4. d4 Be7 5. g3 O-O 6. Bg2 dxc4 7. Qa4 c5 8. Qxc4
Nc6 9. dxc5 e5 10. O-O Be6 11. Qa4 Bxc5 12. Bg5 Be7 13. Rfd1 Qb6 14. Qb5 Qxb5
15. Nxb5 Rad8 16. Nd2 Rd7 17. Bxf6 gxf6 18. Ne4 Rfd8 19. Nec3 a6 20. Rxd7 Rxd7
21. Na3 Rd2 22. Rb1 f5 23. h3 Bb4 24. Bxc6 bxc6 25. Rc1 Rxb2 26. Nab1 Bxa2 27.
Nxa2 Rxa2 28. Rxc6 Rxe2 29. Kg2 Re1 0-1

[Event "4NCL/Div2d/BRJ vs. FCA1"]
[Site "Sunningdale ENG"]
[Date "2010.05.01"]
[Round "9.7"]
[White "Rabbitt, Michael"]
[Black "Freeman, Richard CP"]
[Result "1/2-1/2"]
[WhiteElo "2074"]
[BlackElo "2061"]
[PlyCount "73"]
[EventDate "2010.05.01"]
[SourceDate "2009.10.24"]

1. e4 c5 2. Nf3 g6 3. d4 cxd4 4. Nxd4 Bg7 5. c4 Nc6 6. Nc2 Nf6 7. Nc3 O-O 8.
Be2 d6 9. O-O b6 10. Bd2 Bb7 11. Qc1 Qb8 12. Rd1 Rd8 13. f3 Rd7 14. Bg5 Qf8 15.
Qd2 Rad8 16. Nd5 Ne8 17. Rab1 h6 18. Bh4 g5 19. Bf2 e6 20. Nc3 Ne7 21. h4 Bf6
22. Ne3 Qg7 23. Ng4 Ng6 24. Nxf6+ Qxf6 25. hxg5 hxg5 26. Bd4 e5 27. Be3 Nf4 28.
Bf1 Qh6 29. g3 Nh3+ 30. Bxh3 Qxh3 31. Qh2 Qxh2+ 32. Kxh2 f6 33. Kg2 Nc7 34. Rd2
Ne6 35. Rbd1 Bc6 36. a4 Nc5 37. Bxc5 1/2-1/2

[Event "4NCL/Div2d/BRJ vs. FCA1"]
[Site "Sunningdale ENG"]
[Date "2010.05.01"]
[Round "9.8"]
[White "Evans, Helen I"]
[Black "Hall, Joshua DW"]
[Result "0-1"]
[WhiteElo "1626"]
[BlackElo "1939"]
[PlyCount "60"]
[EventDate "2010.05.01"]
[SourceDate "2009.10.24"]

1. e4 c5 2. Nc3 e6 3. f4 Nf6 4. Nf3 Nc6 5. Bb5 Nd4 6. O-O Nxb5 7. Nxb5 Nxe4 8.
d3 Nf6 9. Kh1 Qb6 10. Nc3 Be7 11. Qe1 d6 12. Qg3 Rg8 13. b3 Bd7 14. a4 h5 15.
Bd2 Ng4 16. Ne4 O-O-O 17. a5 Qc7 18. h3 Nh6 19. Qf2 d5 20. Nc3 Nf5 21. Ne5 Bh4
22. Qf3 Ng3+ 23. Kg1 Nxf1 24. Kxf1 Bc6 25. Nxc6 Qxc6 26. Qxh5 Bf6 27. Qxf7 Rdf8
28. Qg6 Bxc3 29. Bxc3 Rxf4+ 30. Ke1 Rgf8 0-1